Calculus with analytic geometry : (Record no. 1245)
[ view plain ]
| 000 -LEADER | |
|---|---|
| fixed length control field | 00798nac a22002411u 4500 |
| 010 ## - | |
| -- | 97024169 |
| 020 ## - INTERNATIONAL STANDARD BOOK NUMBER | |
| International Standard Book Number | 0137930763 |
| 082 00 - DEWEY DECIMAL CLASSIFICATION NUMBER | |
| Classification number | 515.15 |
| Item number | E2611 |
| 090 ## - LOCALLY ASSIGNED LC-TYPE CALL NUMBER (OCLC); LOCAL CALL NUMBER (OCLC) | |
| -- | 1245 |
| -- | 1245 |
| 100 ## - MAIN ENTRY--PERSONAL NAME | |
| Personal name | Edwards, C. H. |
| 245 10 - TITLE STATEMENT | |
| Title | Calculus with analytic geometry : |
| Remainder of title | early transcendentals / |
| Statement of responsibility, etc | C.H. Edwards, David E. Penney. |
| 250 ## - EDITION STATEMENT | |
| Edition statement | 5th ed. |
| 260 ## - | |
| -- | Upper Saddle River, NJ : |
| -- | Prentice Hall, |
| -- | c1998. |
| 300 ## - PHYSICAL DESCRIPTION | |
| Extent | 1 v. (various pagings) : |
| Other physical details | ill. (some col.) ; |
| Dimensions | 26 cm. |
| 336 ## - CONTENT TYPE | |
| Source | rdacontent |
| Content type term | text |
| Content type code | txt |
| 337 ## - MEDIA TYPE | |
| Media type term | unmediated |
| Source | rdamedia |
| Media type code | n |
| 338 ## - CARRIER TYPE | |
| Carrier type term | volume |
| Carrier type code | nc |
| Source | rdacarrier |
| 504 ## - BIBLIOGRAPHY, ETC. NOTE | |
| Bibliography, etc | Includes bibliographical references and index. |
| 650 #0 - SUBJECT ADDED ENTRY--TOPICAL TERM | |
| Topical term or geographic name as entry element | Calculus. |
| 650 #0 - SUBJECT ADDED ENTRY--TOPICAL TERM | |
| Topical term or geographic name as entry element | Geometry, Analytic. |
| 700 1# - ADDED ENTRY--PERSONAL NAME | |
| Personal name | Penney, David E. |
| 942 ## - ADDED ENTRY ELEMENTS (KOHA) | |
| Koha item type | Book - Borrowing |
| Call number prefix | 515.15E2611 |
| Classification part | RDA-MOD |
| Withdrawn status | Lost status | Source of classification or shelving scheme | Damaged status | Not for loan | Collection code | Home library | Current library | Shelving location | Date acquired | Source of acquisition | Cost, normal purchase price | Total Checkouts | Total Renewals | Full call number | Barcode | Date last seen | Date checked out | Cost, replacement price | Price effective from | Koha item type |
|---|---|---|---|---|---|---|---|---|---|---|---|---|---|---|---|---|---|---|---|---|
| Dewey Decimal Classification | Central Library | Central Library | First floor | 29/08/2006 | 200.00 | 2 | 1 | 515.15 EDW | 000003237 | 15/07/2025 | 04/10/2018 | 250.00 | 29/08/2006 | Book - Borrowing |